Brassens - Histoire de faussaire - Statistiques

Statistiques générales
  • Ce quiz a été pris 54 fois
    49 depuis la dernière actualisation
  • Le résultat moyen est 199 sur 289
Statistiques - réponses
Paroles % Correct
de
100%
De
100%
La
93%
la
93%
le
93%
Se
93%
se
93%
bien
87%
en
87%
En
87%
Et
87%
et
87%
fausse
87%
Fausse
87%
sur
87%
sûr
87%
Sûr
87%
A
80%
a
80%
ce
80%
Ce
80%
chaume
80%
d'azur
80%
des
80%
Du
80%
du
80%
était
80%
faaux
80%
faussaire
80%
faux
80%
Faux
80%
ferme
80%
histoire
80%
il
80%
Je
80%
je
80%
les
80%
ma
80%
mais
80%
ne
80%
servant
80%
Au
73%
au
73%
Ces
73%
champs
73%
comme
73%
Dans
73%
dans
73%
découpant
73%
doit
73%
es
73%
fausses
73%
Fausses
73%
foi
73%
habit
73%
joues
73%
maison
73%
mur
73%
On
73%
Pas
73%
pas
73%
peu
73%
rencontre
73%
seyant
73%
Synthétique
73%
toit
73%
tu
73%
un
73%
vrai
73%
aux
67%
Aux
67%
beauté
67%
buis
67%
cette
67%
ciel
67%
comédie
67%
conduisit
67%
contre
67%
Cupidon
67%
descendit
67%
devant
67%
Elle
67%
elle
67%
être
67%
faut
67%
fièvre
67%
laquelle
67%
maitre
67%
maitresse
67%
mon
67%
n'était
67%
notes
67%
67%
Peut
67%
Piano
67%
pour
67%
premier
67%
Quand
67%
quand
67%
simulateurs
67%
tableaux
67%
une
67%
Venus
67%
Vénus
67%
vérité
67%
allée
60%
amoureuse
60%
apercevait
60%
Aubusson
60%
aussi
60%
Authentique
60%
Avec
60%
bijoux
60%
bonheur
60%
bout
60%
C'est
60%
chose
60%
côté
60%
dit
60%
d'un
60%
d'une
60%
duquel
60%
éléphants
60%
faux-jeton
60%
fond
60%
grains
60%
Gros
60%
heure
60%
ivoire
60%
jamais
60%
jouant
60%
leur
60%
marquis
60%
menottes
60%
n'avait
60%
néanmoins
60%
ongles
60%
Par
60%
penchant
60%
point
60%
poumon
60%
pudeur
60%
puit
60%
remonter
60%
septième
60%
ses
60%
seule
60%
sincère
60%
s'inscrire
60%
suivis
60%
témoin
60%
tomba
60%
touches
60%
achetés
53%
armures
53%
bois
53%
bouquet
53%
bouquins
53%
Carabas
53%
céans
53%
dois
53%
feu
53%
fleurs
53%
gazon
53%
jardin
53%
même
53%
perles
53%
poids
53%
Que
53%
sans
53%
anges
47%
arrtificiels
47%
brillait
47%
buffet
47%
consumer
47%
couleurs
47%
dentelles
47%
dire
47%
fermière
47%
fumée
47%
genre
47%
massifs
47%
Offrant
47%
plus
47%
terne
47%
véritable
47%
vives
47%
chandelles
40%
doute
40%
Enlevant
40%
Henri II
40%
l'occurence
40%
lueurs
40%
mentir
40%
omission
40%
Parut
40%
petit
40%
Près
40%
rayons
40%
serait
40%
soudain
40%
Aligné
33%
bibliothèque
33%
Face
33%
vierge
33%
Ayant
27%
foulé
27%
Aucun quiz correspondant
Distribution des résultats
% des personnes avec chaque résultat
Percentile par nombre de réponses
Votre historique - résultats
Vous n’avez pas pris ce quiz depuis la dernière actualisation